000 01289nam a2200325 a 4500
001 ebr10002875
003 CaPaEBR
006 m u
007 cr cn|||||||||
008 010813s2001 enka sb o001 0 eng
015 _aGBA1-47104
016 7 _a9221113949
_2Uk
020 _z9221113949(pbk.)
040 _aCaPaEBR
_cCaPaEBR
035 _a(OCoLC)70765852
050 1 4 _aHD5710.75.P7
_bT677 2001eb
082 0 4 _a330.9438057
_221
245 0 0 _aPoland
_h[electronic resource] /
_cRaymond Torres ... [et al.].
260 _aGeneva ;
_a[Great Britain] :
_bInternational Labour Office,
_c2001.
300 _axvi, 126 p. :
_bill.
490 1 _aStudies on the social dimensions of globalization
504 _aIncludes bibliographical references and index.
533 _aElectronic reproduction.
_bPalo Alto, Calif. :
_cebrary,
_d2013.
_nAvailable via World Wide Web.
_nAccess may be limited to ebrary affiliated libraries.
650 0 _aGlobalization
_xSocial aspects
_zPoland.
655 7 _aElectronic books.
_2local
700 1 _aTorres, Raymond.
710 2 _aebrary, Inc.
830 0 _aStudies on the social dimensions of globalization.
856 4 0 _uhttp://site.ebrary.com/lib/rucke/Doc?id=10002875
_zAn electronic book accessible through the World Wide Web; click to view
999 _c3089
_d3089